[Event "FIDE World Blitz 2014"]
[Site "Dubai UAE"]
[Date "2014.06.20"]
[Round "20.28"]
[White "Movsesian, Sergei"]
[Black "Durarbayli, Vasif"]
[Result "1/2-1/2"]
[WhiteTitle "GM"]
[BlackTitle "GM"]
[WhiteElo "2672"]
[BlackElo "2590"]
[WhiteFideId "310204"]
[BlackFideId "13402935"]
[EventDate "2014.06.19"]

1. Nf3 Nf6 2. g3 b6 3. Bg2 Bb7 4. O-O c5 5. d3 e6 6. e4 d6 7. Nbd2 Nbd7 8. Re1
Qc7 9. c3 Be7 10. b3 Ne5 11. Nxe5 dxe5 12. Nc4 b5 13. Ne3 Rd8 14. Qe2 O-O 15. a4
b4 16. Bb2 Ba6 17. Nc4 Nd7 18. Red1 bxc3 19. Bxc3 Rb8 20. Rab1 Bxc4 21. bxc4 Rb4
22. Bxb4 cxb4 23. d4 exd4 24. Rxd4 a5 25. Qh5 Nc5 26. Rbd1 Bf6 27. e5 g6 28. Qf3
Bxe5 29. R4d2 Rc8 30. h4 h5 31. Bf1 b3 32. Qe3 b2 33. Qa3 Rb8 34. Rb1 Rb4 35.
Rbxb2 Bxb2 36. Rxb2 Rxb2 37. Qxb2 Nxa4 38. Qb5 Nc5 39. Bg2 a4 40. Qb4 Qa7 41.
Qa3 Qa5 42. Bf3 Nb3 43. Kg2 Nc5 44. Bd1 e5 45. Bc2 e4 46. Bd1 Nd3 47. Qxa4 Qd2
48. Qa8+ Kh7 49. Qa7 Kg8 50. Ba4 Ne1+ 51. Kf1 Nf3 52. Qa8+ Kg7 53. Qxe4 Qc1+ 54.
Kg2 Ne1+ 55. Kh2 Qd2 56. Qe5+ Kg8 57. Qf6 Nd3 58. Kg2 Qe2 59. Bc6 Ne1+ 60. Kg1
Qxc4 61. Qd8+ Kg7 62. Bd5 Qc1 63. Kh2 Qd2 64. Kg1 Nd3 65. Qb6 Nxf2 66. Qxf2 Qxd5
67. Qb2+ Kg8 68. Kf2 Qe6 69. Qc3 Qe7 70. Qd4 Qf8 71. Kg2 Qg7 72. Qe4 Qf6 73. Kg1
Kg7 74. Kg2 Qb2+ 75. Kh3 Qc3 76. Kg2 Kf6 77. Qf4+ Ke6 78. Qe4+ Qe5 79. Qc6+ Kf5
80. Qd7+ Kf6 81. Qc6+ Kg7 82. Qf3 Qd4 83. Qe2 Qd5+ 84. Kh2 Kf6 85. Qb2+ Ke6 86.
Qe2+ Qe5 87. Qa2+ Kf6 88. Qf2+ Kg7 89. Qd2 f6 90. Qd7+ Kh6 91. Qd8 g5 92. Qh8+
Kg6 93. hxg5 Kxg5 94. Qg7+ Kf5 95. Qd7+ Kg6 96. Qd3+ Qf5 97. Qd8 Qe6 98. Qd3+ f5
99. Qd8 Qf6 100. Qe8+ Kh6 101. Qe3+ Kh7 102. Qa7+ Kg6 103. Qe3 h4 104. gxh4
Qxh4+ 105. Kg2 Kh5 106. Qe8+ Kg4 107. Qg8+ Qg5 1/2-1/2

[Event "FIDE World Blitz 2014"]
[Site "Dubai UAE"]
[Date "2014.06.20"]
[Round "20.29"]
[White "Kovalev, Vladislav"]
[Black "Efimenko, Zahar"]
[Result "1/2-1/2"]
[WhiteTitle "GM"]
[BlackTitle "GM"]
[WhiteElo "2554"]
[BlackElo "2648"]
[WhiteFideId "13504398"]
[BlackFideId "14107201"]
[EventDate "2014.06.19"]

1. e4 e5 2. Nf3 Nc6 3. Bb5 a6 4. Ba4 Nf6 5. O-O Be7 6. Re1 b5 7. Bb3 d6 8. c3
O-O 9. d4 Bg4 10. Be3 exd4 11. cxd4 Na5 12. Bc2 Nc4 13. Bc1 c5 14. b3 Nb6 15.
Nbd2 Nfd7 16. h3 Bh5 17. Bb2 Rc8 18. Rc1 cxd4 19. Bxd4 Bf6 20. g4 Bg6 21. Nf1
Ne5 22. Nxe5 Bxe5 23. Qd2 Bxd4 24. Qxd4 d5 25. Ng3 dxe4 26. Qxd8 Rcxd8 27. Bxe4
Nd5 28. Red1 Nf4 29. Kh2 h6 30. Bf5 Kh7 31. a4 b4 32. Rxd8 Rxd8 33. Rc4 Nd5 34.
Rd4 Bxf5 35. Nxf5 Rd7 36. Ne3 Nf6 37. Rxb4 Rd2 38. Kg2 Rb2 39. h4 Nd7 40. Rb7
Ne5 41. h5 g5 42. hxg6+ Kxg6 43. Rb6+ Kh7 44. Rxa6 Rxb3 45. Ra5 Nd3 46. Rf5 Kg6
47. a5 Ra3 48. Kg3 Ra4 49. Rb5 Ra2 50. f4 Ra3 51. Rb6+ Kh7 52. a6 Nc5 53. Kf3
Rxa6 54. Rxa6 1/2-1/2

[Event "FIDE World Blitz 2014"]
[Site "Dubai UAE"]
[Date "2014.06.20"]
[Round "20.30"]
[White "Moiseenko, Alexander"]
[Black "Fressinet, Laurent"]
[Result "0-1"]
[WhiteTitle "GM"]
[BlackTitle "GM"]
[WhiteElo "2707"]
[BlackElo "2717"]
[WhiteFideId "14102560"]
[BlackFideId "608742"]
[EventDate "2014.06.19"]

1. d4 Nf6 2. c4 d6 3. Nc3 Nbd7 4. e4 e5 5. Nf3 g6 6. Be2 Bg7 7. O-O O-O 8. Be3
c6 9. h3 exd4 10. Nxd4 Re8 11. Qc2 Qe7 12. f3 d5 13. cxd5 cxd5 14. Ncb5 dxe4 15.
Nc7 exf3 16. Rxf3 Ne5 17. Rff1 Nc6 18. Nxc6 Qxc7 19. Nd4 Qxc2 20. Nxc2 Bf5 21.
Rxf5 gxf5 22. Bb5 Re5 23. Bd3 Nd5 24. Bf2 Nf4 25. Bf1 Rc8 26. Nd4 Rd5 27. Nf3
Nd3 28. Bxa7 Nxb2 29. Rb1 Rd1 30. Rxd1 Nxd1 31. Bb6 f4 32. a4 Rc1 33. Bb5 Nc3+
34. Bf1 Ne4 35. Bf2 Ng3 36. Bxg3 fxg3 0-1

[Event "FIDE World Blitz 2014"]
[Site "Dubai UAE"]
[Date "2014.06.20"]
[Round "20.33"]
[White "Ragger, Markus"]
[Black "Kryvoruchko, Yuriy"]
[Result "0-1"]
[WhiteTitle "GM"]
[BlackTitle "GM"]
[WhiteElo "2632"]
[BlackElo "2707"]
[WhiteFideId "1610856"]
[BlackFideId "14109182"]
[EventDate "2014.06.19"]

1. d4 Nf6 2. c4 e6 3. Nf3 b6 4. g3 Bb7 5. Bg2 Bb4+ 6. Bd2 c5 7. O-O O-O 8. Bc3
d6 9. a3 Bxc3 10. Nxc3 cxd4 11. Qxd4 Nc6 12. Qf4 Qe7 13. Rfd1 Rfd8 14. Rac1 Rac8
15. b3 Na5 16. Nd2 Bxg2 17. Kxg2 d5 18. Ncb1 dxc4 19. Nxc4 Nxb3 20. Rxd8+ Rxd8
21. Rc3 Nd5 22. Qf3 Nxc3 23. Nxc3 Nc5 24. Ne5 Qc7 25. Ng4 Qb7 26. e4 Rd3 27. Qf4
Rxc3 28. f3 h6 29. Qe5 Rc2+ 30. Kh3 Nd3 31. Qd6 Nf2+ 32. Nxf2 Rxf2 33. Qd8+ Kh7
34. Qd3 e5 35. g4 Qc7 0-1

[Event "FIDE World Blitz 2014"]
[Site "Dubai UAE"]
[Date "2014.06.20"]
[Round "20.34"]
[White "Guseinov, Gadir"]
[Black "Adly, Ahmed"]
[Result "1-0"]
[WhiteTitle "GM"]
[BlackTitle "GM"]
[WhiteElo "2613"]
[BlackElo "2594"]
[WhiteFideId "13401378"]
[BlackFideId "10601619"]
[EventDate "2014.06.19"]

1. e4 c5 2. Nf3 d6 3. d4 cxd4 4. Nxd4 Nf6 5. Nc3 a6 6. Bg5 e6 7. f4 Bd7 8. Qe2
Nc6 9. Nf3 Qb6 10. O-O-O Ng4 11. Re1 h6 12. Bh4 g5 13. h3 Nf6 14. fxg5 hxg5 15.
Bxg5 Bg7 16. Qd2 Na5 17. e5 Nh5 18. Ne4 d5 19. Nd6+ Kf8 20. Be3 Qc7 21. Bd3 Nc6
22. Rhf1 f5 23. g4 Ng3 24. gxf5 Nxf1 25. Rxf1 exf5 26. Nxf5 Bxf5 27. Bxf5 Ne7
28. Ng5 Ke8 29. Ne6 Qxe5 30. Bd4 Qxd4 31. Nxd4 Rh4 32. Bg4 Bh6 33. Rf4 Ng6 34.
Ne6 Nxf4 35. Nxf4 Kf8 36. Kb1 Re8 37. a3 Re4 38. Qxd5 Rxg4 39. Qxe4 Rxf4 40.
Qxb7 Rf6 41. c4 Be3 42. Ka2 a5 43. b4 axb4 44. axb4 Rf7 45. Qc8+ Kg7 46. Kb3 Bd2
47. Qg4+ Kf8 48. Qd4 Rf3+ 49. Ka4 Bc3 50. Qd8+ Kg7 51. Qd7+ Rf7 52. Qg4+ Kf8 53.
c5 Ra7+ 54. Kb3 Bf6 55. Qf5 Rf7 56. c6 Bd4 57. Qc8+ Kg7 58. Qg4+ Kf8 59. Qxd4
Rf3+ 60. Qc3 Rf4 61. c7 Kf7 62. Qc4+ Rxc4 63. Kxc4 Ke7 64. c8=Q 1-0

[Event "FIDE World Blitz 2014"]
[Site "Dubai UAE"]
[Date "2014.06.20"]
[Round "20.35"]
[White "Shyam, Sundar M."]
[Black "Nielsen, Peter Heine"]
[Result "1-0"]
[WhiteTitle "GM"]
[BlackTitle "GM"]
[WhiteElo "2468"]
[BlackElo "2654"]
[WhiteFideId "5019141"]
[BlackFideId "1400355"]
[EventDate "2014.06.19"]

1. e4 c5 2. Nf3 d6 3. Bb5+ Nd7 4. O-O a6 5. Bd3 b5 6. c4 Bb7 7. Re1 bxc4 8. Bxc4
e6 9. d4 cxd4 10. Nxd4 Ngf6 11. Nc3 Rc8 12. Qe2 Nc5 13. b4 Ncxe4 14. Nxe4 Nxe4
15. Bxa6 Bxa6 16. Qxa6 d5 17. f3 Nf6 18. Bg5 Ra8 19. Qc6+ 1-0

[Event "FIDE World Blitz 2014"]
[Site "Dubai UAE"]
[Date "2014.06.20"]
[Round "20.37"]
[White "Gundavaa, Bayarsaikhan"]
[Black "Georgiev, Kiril"]
[Result "0-1"]
[WhiteTitle "GM"]
[BlackTitle "GM"]
[WhiteElo "2501"]
[BlackElo "2644"]
[WhiteFideId "4901045"]
[BlackFideId "2900017"]
[EventDate "2014.06.19"]

1. d4 d5 2. c4 c6 3. cxd5 cxd5 4. Bf4 Nc6 5. e3 Nf6 6. Nc3 Bf5 7. Qb3 Na5 8.
Qa4+ Bd7 9. Bb5 Nc6 10. Qd1 a6 11. Bd3 Bg4 12. Nge2 e6 13. O-O Be7 14. Rc1 O-O
15. Na4 Nd7 16. a3 Rc8 17. b4 e5 18. Bg3 exd4 19. f3 Bh5 20. Nf4 Bg6 21. exd4
Bf6 22. Nxd5 Bxd4+ 23. Kh1 Nde5 24. Bxg6 hxg6 25. Nac3 Nc4 26. Qd3 Nxa3 27. Rcd1
Qg5 28. f4 Qf5 29. Qf3 Bxc3 30. Qxc3 Nb5 31. Qxc6 Rxc6 32. Ne7+ Kh7 33. Nxf5
gxf5 34. Rd7 b6 35. h3 Rc7 36. Rfd1 Rfc8 37. Bf2 Rxd7 38. Rxd7 Rc7 39. Rxc7 Nxc7
40. Bxb6 Nd5 41. Bc5 Nxf4 42. Kh2 Kg6 43. g4 Nd3 44. Bd6 Kf6 45. Kg3 Ke6 46. Bf8
g6 47. gxf5+ Kxf5 48. Kf3 Nf4 49. h4 Ne6 50. Be7 Nd4+ 51. Ke3 Nc6 52. Bf8 Ke5
53. Kf3 Nd4+ 54. Kg4 f5+ 55. Kg3 Ke4 56. Bc5 Ne6 57. Bd6 Ng7 58. Kf2 f4 59. Bf8
Nf5 0-1

[Event "FIDE World Blitz 2014"]
[Site "Dubai UAE"]
[Date "2014.06.20"]
[Round "20.38"]
[White "Ganguly, Surya Shekhar"]
[Black "Sandipan, Chanda"]
[Result "1-0"]
[WhiteTitle "GM"]
[BlackTitle "GM"]
[WhiteElo "2619"]
[BlackElo "2594"]
[WhiteFideId "5002150"]
[BlackFideId "5004225"]
[EventDate "2014.06.19"]

1. e4 e5 2. Nf3 Nc6 3. Bc4 Bc5 4. b4 Bxb4 5. c3 Be7 6. d4 d6 7. Qb3 Na5 8. Bxf7+
Kf8 9. Qa4 Kxf7 10. Qxa5 exd4 11. cxd4 c5 12. Qa4 Qd7 13. Qc2 Qg4 14. O-O cxd4
15. h3 Qg6 16. Nxd4 Bxh3 17. f4 Rc8 18. Qb3+ Be6 19. f5 Bxb3 20. fxg6+ Kxg6 21.
axb3 Bf6 22. Be3 Ne7 23. Rxa7 Bxd4 24. Bxd4 Nc6 25. Ra4 b5 26. Ra6 Rhe8 27. Bb2
Rxe4 28. Rc1 Re2 29. Raxc6 Rxc6 30. Rxc6 Re1+ 31. Kf2 Rxb1 32. Rxd6+ Kf5 33. Rd2
g5 34. b4 h5 35. Rd5+ Ke4 36. Rd4+ Kf5 37. Bc3 Rb3 38. Bd2 Rb2 39. Kf3 Rb3+ 40.
Ke2 Rg3 41. Kf2 Rb3 42. Rd5+ Kf6 43. Bxg5+ 1-0

[Event "FIDE World Blitz 2014"]
[Site "Dubai UAE"]
[Date "2014.06.20"]
[Round "20.39"]
[White "Fier, Alexandr"]
[Black "Kasimdzhanov, Rustam"]
[Result "0-1"]
[WhiteTitle "GM"]
[BlackTitle "GM"]
[WhiteElo "2580"]
[BlackElo "2700"]
[WhiteFideId "2107139"]
[BlackFideId "14200244"]
[EventDate "2014.06.19"]

1. d4 g6 2. f4 Bg7 3. Nf3 c5 4. e3 d6 5. c3 b6 6. Bd3 Bb7 7. O-O Nf6 8. Nbd2 O-O
9. b3 Nd5 10. Qe1 Nxc3 11. Bb2 Nd5 12. Rb1 Nb4 13. Qe2 Nxa2 14. dxc5 dxc5 15.
Bxg7 Kxg7 16. Be4 Nc3 17. Qc4 Nxe4 18. Nxe4 Qd5 19. Qc3+ f6 20. Neg5 Nd7 21. e4
Qc6 22. f5 c4 23. Ne6+ Kg8 24. Nxf8 Rxf8 25. fxg6 hxg6 26. bxc4 Qc5+ 27. Kh1
Bxe4 28. Rbe1 Bxf3 29. Qxf3 Ne5 30. Qe4 Kg7 31. h3 Rd8 32. Rd1 Rc8 33. Rf4 Rc7
34. Rd8 Qxc4 35. Rd4 Qc6 36. Qe2 a5 37. Rh4 g5 38. Rhe4 Ng6 39. Rd8 Rd7 40. Rb8
Qc1+ 41. Kh2 Qc7+ 0-1

[Event "FIDE World Blitz 2014"]
[Site "Dubai UAE"]
[Date "2014.06.20"]
[Round "20.40"]
[White "Mchedlishvili, Mikheil"]
[Black "Aleksandrov, Aleksej"]
[Result "1/2-1/2"]
[WhiteTitle "GM"]
[BlackTitle "GM"]
[WhiteElo "2632"]
[BlackElo "2554"]
[WhiteFideId "13600966"]
[BlackFideId "13500139"]
[EventDate "2014.06.19"]

1. b3 e5 2. Bb2 Nc6 3. c4 d6 4. g3 g6 5. Bg2 Bg7 6. Nc3 Nf6 7. d3 O-O 8. e3 Be6
9. Nd5 a5 10. Ne2 Rb8 11. Nec3 Ne7 12. Nxf6+ Bxf6 13. O-O Bg7 14. Qd2 c6 15. Ne2
Qd7 16. Rfd1 Ra8 17. d4 Rfd8 18. dxe5 dxe5 19. Qxd7 Rxd7 20. Rxd7 Bxd7 1/2-1/2

[Event "FIDE World Blitz 2014"]
[Site "Dubai UAE"]
[Date "2014.06.20"]
[Round "20.41"]
[White "Volokitin, Andrei"]
[Black "Glek, Igor"]
[Result "1/2-1/2"]
[WhiteTitle "GM"]
[BlackTitle "GM"]
[WhiteElo "2638"]
[BlackElo "2438"]
[WhiteFideId "14107090"]
[BlackFideId "4100484"]
[EventDate "2014.06.19"]

1. e4 c5 2. Nf3 a6 3. Nc3 e6 4. d4 cxd4 5. Nxd4 b5 6. Bd3 d6 7. O-O Nf6 8. b4
Bb7 9. a4 bxa4 10. Rxa4 Be7 11. Qe2 O-O 12. Bb2 d5 13. exd5 Nxd5 14. Nxd5 Qxd5
15. Nf3 Nc6 16. c4 Qd7 17. Rd1 Nd4 18. Bxh7+ Kxh7 19. Qd3+ Kg8 20. Qxd4 Qxd4 21.
Rxd4 Bc6 22. Ra1 Bxf3 23. gxf3 Bxb4 24. Ra4 a5 25. Ba3 Rab8 26. c5 Bxa3 27. Rxa3
Rb5 28. c6 Rc8 29. Rc4 Rb6 30. c7 Rb7 31. Rxa5 Rbxc7 32. Rxc7 Rxc7 33. Kg2 Kh7
34. Kg3 1/2-1/2

[Event "FIDE World Blitz 2014"]
[Site "Dubai UAE"]
[Date "2014.06.20"]
[Round "20.42"]
[White "Vahidov, Tair"]
[Black "Goloshchapov, Alexander"]
[Result "0-1"]
[WhiteTitle "GM"]
[BlackTitle "GM"]
[WhiteElo "2446"]
[BlackElo "2586"]
[WhiteFideId "14200155"]
[BlackFideId "14103222"]
[EventDate "2014.06.19"]

1. c4 e6 2. Nc3 d5 3. d4 Be7 4. Nf3 Nf6 5. Bg5 h6 6. Bh4 O-O 7. e3 b6 8. Be2 Bb7
9. Bxf6 Bxf6 10. cxd5 exd5 11. b4 c6 12. O-O Re8 13. Qb3 Nd7 14. a4 Nf8 15. a5
Rb8 16. axb6 axb6 17. Rfd1 Ne6 18. b5 c5 19. dxc5 Nxc5 20. Qb4 Rc8 21. Nd4 Qc7
22. Bf1 Bxd4 23. Rxd4 Ne6 24. Rd3 d4 25. exd4 Nf4 26. Rg3 h5 27. d5 h4 28. d6
Qc5 29. Qxf4 hxg3 30. d7 gxf2+ 31. Qxf2 Qxc3 32. d8=Q 0-1

[Event "FIDE World Blitz 2014"]
[Site "Dubai UAE"]
[Date "2014.06.20"]
[Round "20.45"]
[White "Debashis, Das"]
[Black "Ghaem Maghami, Ehsan"]
[Result "0-1"]
[WhiteTitle "GM"]
[BlackTitle "GM"]
[WhiteElo "2484"]
[BlackElo "2582"]
[WhiteFideId "5024854"]
[BlackFideId "12500739"]
[EventDate "2014.06.19"]

1. d4 Nf6 2. c4 e6 3. Nf3 Bb4+ 4. Nc3 O-O 5. e3 c5 6. Bd3 d5 7. O-O Nc6 8. a3
Ba5 9. h3 Re8 10. cxd5 exd5 11. dxc5 Bxc3 12. bxc3 Qa5 13. Rb1 Qxc5 14. Rb5 Qe7
15. c4 dxc4 16. Bxc4 a6 17. Rb1 Bf5 18. Ra1 Rad8 19. Qe1 Ne4 20. Bb2 Rd6 21. Rd1
Rg6 22. Kh1 Rh6 23. Nh2 Qc7 24. Ba2 Rg6 25. Nf3 Qc8 26. Nh4 Rh6 27. Nxf5 Qxf5
28. Kg1 Ng5 29. Qc3 Rg6 30. Kh2 h5 31. Rd5 Qc8 32. h4 Ne4 33. Qc4 Qg4 34. Rg5
Qxh4+ 35. Kg1 Qxg5 36. Qxf7+ Kh7 0-1

[Event "FIDE World Blitz 2014"]
[Site "Dubai UAE"]
[Date "2014.06.20"]
[Round "20.47"]
[White "Bartel, Mateusz"]
[Black "Nezad, Husein Aziz"]
[Result "1-0"]
[WhiteTitle "GM"]
[BlackTitle "IM"]
[WhiteElo "2641"]
[BlackElo "2365"]
[WhiteFideId "1112635"]
[BlackFideId "12100293"]
[EventDate "2014.06.19"]

1. e3 d5 2. b3 Nf6 3. Bb2 g6 4. g3 Bg7 5. Bg2 O-O 6. Nf3 c5 7. O-O Nc6 8. d4
cxd4 9. exd4 Bf5 10. a3 Ne4 11. Nbd2 Rc8 12. Re1 e6 13. Rc1 Nxd2 14. Qxd2 Be4
15. Qe3 b5 16. Red1 Ne7 17. Qe2 Qb6 18. Bf1 Bxf3 19. Qxf3 Nf5 20. Qd3 a6 21. c3
Rc7 22. Re1 Rfc8 23. Rcd1 Nd6 24. Bg2 a5 25. Rb1 b4 26. cxb4 axb4 27. a4 Nf5 28.
Red1 Rc2 29. g4 Rxb2 30. Rxb2 Nxd4 31. Rbb1 Rc3 32. Qf1 Nxb3 33. Qb5 Qd6 34. a5
Be5 35. a6 Nd4 36. Qe8+ Kg7 37. a7 Bxh2+ 38. Kh1 Ra3 39. a8=Q Rxa8 40. Qxa8 Ne2
41. Qa2 Nc3 42. Qb3 Nxd1 43. Rxd1 Be5 44. Kg1 Bc3 45. Qc2 Qf4 46. Qe2 b3 47. Qe3
Qc7 48. Bf1 b2 49. Bd3 h6 50. Bb1 g5 51. Qd3 Kf8 52. Kf1 d4 53. Kg2 Qf4 54. Qf3
Qe5 55. Qe4 Qd6 56. Rh1 d3 57. Qxd3 Qc6+ 58. Qe4 Qc5 59. Rxh6 Bd4 60. Qf3 Be5
61. Rh1 Bf4 62. Rd1 Qc1 63. Qd3 Qc6+ 64. Qe4 Qc1 65. Qc2 Kg7 66. Kf3 Kf8 67. Ke2
Ke7 68. Kd3 Kf8 69. Kc4 Kg7 70. Kb3 Kf8 71. Rd8+ Ke7 72. Rc8 Qe1 73. Qc5+ Kf6
74. Qc3+ Qxc3+ 75. Rxc3 1-0

[Event "FIDE World Blitz 2014"]
[Site "Dubai UAE"]
[Date "2014.06.20"]
[Round "20.48"]
[White "Al-Sayed, Mohammed"]
[Black "Omar, Noaman"]
[Result "1-0"]
[WhiteTitle "GM"]
[BlackTitle "IM"]
[WhiteElo "2505"]
[BlackElo "2366"]
[WhiteFideId "12100196"]
[BlackFideId "9300244"]
[EventDate "2014.06.19"]

1. d4 d5 2. Nf3 Nf6 3. c3 c5 4. e3 Nc6 5. dxc5 g6 6. b4 Bg7 7. Bb2 O-O 8. Nbd2
a5 9. a3 e5 10. Bb5 e4 11. Nd4 Bd7 12. Bxc6 bxc6 13. h3 h5 14. O-O Bh6 15. c4 1-0

[Event "FIDE World Blitz 2014"]
[Site "Dubai UAE"]
[Date "2014.06.20"]
[Round "20.51"]
[White "Sriram, Jha"]
[Black "Tissir, Mohamed"]
[Result "1-0"]
[WhiteTitle "GM"]
[BlackTitle "IM"]
[WhiteElo "2375"]
[BlackElo "2380"]
[WhiteFideId "5001668"]
[BlackFideId "9000240"]
[EventDate "2014.06.19"]

1. Nf3 Nf6 2. g3 g6 3. b3 Bg7 4. Bb2 O-O 5. Bg2 d6 6. d4 a5 7. O-O c6 8. c4 Bf5
9. Nbd2 Qc8 10. Re1 Bh3 11. Bh1 Na6 12. a3 Bg4 13. Qc2 Nd7 14. Bg2 e5 15. h3
Bxf3 16. Nxf3 exd4 17. Bxd4 Ne5 18. Rad1 Re8 19. Bb6 Nxf3+ 20. Bxf3 Qxh3 21.
Rxd6 Be5 22. Rd3 Nc7 23. Bg2 Qh5 24. f4 Ra6 25. c5 Na8 26. fxe5 Nxb6 27. cxb6
Rxb6 28. Qc4 Qxe5 29. Rf1 Re7 30. Rdf3 Qxe2 31. Qxe2 Rxe2 32. Rxf7 Rxb3 33. R7f3
a4 34. Bh3 Kg7 35. R1f2 Rb1+ 36. Kg2 Ree1 37. Rf7+ Kh6 38. Rd7 Rb3 39. Bg4 Ree3
40. Bf3 Rxa3 41. Rf7 Kg5 42. Rc2 Rac3 43. Rd2 a3 44. Rxb7 Rb3 45. Ra7 Rb2 46.
Rxb2 axb2 47. Rb7 h5 48. Rxb2 h4 49. gxh4+ Kxh4 50. Rc2 g5 51. Rc4+ g4 52. Rxg4+
Kh5 53. Re4+ 1-0

[Event "FIDE World Blitz 2014"]
[Site "Dubai UAE"]
[Date "2014.06.20"]
[Round "21.7"]
[White "Mamedov, Rauf"]
[Black "Yudin, Sergei"]
[Result "1-0"]
[WhiteTitle "GM"]
[BlackTitle "GM"]
[WhiteElo "2659"]
[BlackElo "2546"]
[WhiteFideId "13401653"]
[BlackFideId "4159659"]
[EventDate "2014.06.19"]

1. e4 d6 2. d4 Nf6 3. Nc3 e5 4. Nf3 Nbd7 5. g3 c6 6. Bg2 b5 7. a3 Be7 8. O-O O-O
9. Qe2 a5 10. Rd1 Qc7 11. dxe5 dxe5 12. Nh4 Nc5 13. Be3 Ng4 14. Nf5 Bxf5 15.
exf5 Nxe3 16. Qxe3 Rfd8 17. f6 gxf6 18. Ne4 Nxe4 19. Bxe4 Rxd1+ 20. Rxd1 Rd8 21.
Re1 Qd7 22. Qf3 Qd2 23. Kf1 c5 24. Qf5 Qh6 25. h4 Qg6 26. Qf3 Qh6 27. Kg2 c4 28.
Qg4+ Kf8 29. Rd1 Rd2 30. Rxd2 Qxd2 31. Bxh7 Bd6 32. Be4 Qd4 33. c3 Qd2 34. h5
Ke7 35. Qc8 Qxb2 36. Qb7+ Kf8 37. Bd5 Be7 38. h6 1-0

[Event "FIDE World Blitz 2014"]
[Site "Dubai UAE"]
[Date "2014.06.20"]
[Round "21.10"]
[White "Andriasian, Zaven"]
[Black "Svidler, Peter"]
[Result "0-1"]
[WhiteTitle "GM"]
[BlackTitle "GM"]
[WhiteElo "2611"]
[BlackElo "2753"]
[WhiteFideId "13302000"]
[BlackFideId "4102142"]
[EventDate "2014.06.19"]

1. e4 c5 2. Nf3 e6 3. d3 Nc6 4. g3 g6 5. h4 h6 6. Be3 Nf6 7. Bg2 d5 8. exd5 Nxd5
9. Bd2 Bg7 10. Nc3 O-O 11. O-O Nde7 12. Rb1 Nf5 13. a3 a5 14. Re1 Rb8 15. Bf4
Ra8 16. Nb5 Bd7 17. a4 Nb4 18. Ne5 Nd5 19. Bd2 Bxb5 20. axb5 Qc7 21. Nc4 b6 22.
c3 Rad8 23. Qf3 Qd7 24. Rbd1 Qxb5 25. h5 g5 26. Bc1 Qa6 27. Qg4 b5 28. Ne5 Qd6
29. f4 gxf4 30. gxf4 Kh8 31. Kh1 Qc7 32. Qh3 Bxe5 33. fxe5 Rg8 34. Bxd5 Rxd5 35.
Bf4 b4 36. Rg1 Rdd8 37. Kh2 a4 38. Qf3 Qe7 39. Qh3 Qb7 40. c4 a3 41. b3 Rxg1 42.
Rxg1 Rg8 43. Rxg8+ Kxg8 44. Qg4+ Kh7 45. Qg1 Qf3 0-1

[Event "FIDE World Blitz 2014"]
[Site "Dubai UAE"]
[Date "2014.06.20"]
[Round "21.13"]
[White "Tomashevsky, Evgeny"]
[Black "Eljanov, Pavel"]
[Result "1/2-1/2"]
[WhiteTitle "GM"]
[BlackTitle "GM"]
[WhiteElo "2695"]
[BlackElo "2723"]
[WhiteFideId "4147235"]
[BlackFideId "14102951"]
[EventDate "2014.06.19"]

1. Nf3 d5 2. d4 Nf6 3. c4 c6 4. cxd5 cxd5 5. Nc3 Nc6 6. Bf4 Bf5 7. e3 e6 8. Bd3
Bxd3 9. Qxd3 Bd6 10. Bxd6 Qxd6 11. O-O O-O 12. Rac1 Rac8 13. Na4 Nd7 14. Nc3 Nf6
15. Na4 Nd7 16. Nc3 Nf6 17. Na4 1/2-1/2

[Event "FIDE World Blitz 2014"]
[Site "Dubai UAE"]
[Date "2014.06.20"]
[Round "21.16"]
[White "Meier, Georg"]
[Black "Najer, Evgeniy"]
[Result "1-0"]
[WhiteTitle "GM"]
[BlackTitle "GM"]
[WhiteElo "2632"]
[BlackElo "2653"]
[WhiteFideId "4675789"]
[BlackFideId "4118987"]
[EventDate "2014.06.19"]

1. Nf3 d5 2. g3 Bg4 3. Bg2 c6 4. c4 e6 5. O-O Nf6 6. d3 dxc4 7. dxc4 Nbd7 8. Nc3
Qa5 9. h3 Bxf3 10. exf3 Nb6 11. a3 Nxc4 12. Qb3 Nb6 13. Be3 Be7 14. Qc2 Nc4 15.
Bf4 O-O 16. b4 Qf5 17. Qxf5 exf5 18. b5 Bxa3 19. bxc6 bxc6 20. Rfb1 Nd5 21. Nxd5
cxd5 22. Rb5 Rfd8 23. Bf1 a6 24. Rb7 Bd6 25. Bg5 f6 26. Bc1 h5 27. f4 Rdb8 28.
Bg2 Nb6 29. Rxb6 Rxb6 30. Bxd5+ Kh7 31. Bxa8 Bc5 32. h4 Rd6 33. Be3 Bxe3 34.
fxe3 Kh6 35. Bf3 g5 36. Ra5 Kg6 37. Kf2 Rd2+ 38. Be2 1-0

[Event "FIDE World Blitz 2014"]
[Site "Dubai UAE"]
[Date "2014.06.20"]
[Round "21.17"]
[White "Caruana, Fabiano"]
[Black "Safarli, Eltaj"]
[Result "1/2-1/2"]
[WhiteTitle "GM"]
[BlackTitle "GM"]
[WhiteElo "2791"]
[BlackElo "2649"]
[WhiteFideId "2020009"]
[BlackFideId "13402129"]
[EventDate "2014.06.19"]

1. d3 Nf6 2. g3 g6 3. Bg2 d5 4. c4 dxc4 5. Qa4+ Bd7 6. Qxc4 Bc6 7. Nf3 Nbd7 8.
O-O Bg7 9. e4 e5 10. Nc3 O-O 11. Rd1 Qe7 12. b4 a6 13. a4 Nb6 14. Qb3 Bd7 15.
Ba3 Rfe8 16. b5 Qe6 17. Qxe6 Bxe6 18. a5 Nbd7 19. Ng5 Bb3 20. Rdc1 h6 21. Rab1
hxg5 22. Rxb3 axb5 23. Nxb5 Rxa5 24. Rxc7 Bf8 25. Bxf8 Kxf8 26. Nd6 Ra1+ 27. Bf1
Rb8 28. Kg2 b6 29. Be2 Ke7 30. Nc4 Kd8 31. Rc6 Ke7 32. Nxb6 Rxb6 33. Rcxb6 Nxb6
34. Rxb6 Ra2 35. Bd1 Rd2 36. Bb3 Rxd3 37. Rb7+ Rd7 38. Rb5 Kd6 39. Kf3 Rc7 40.
Ke2 g4 41. Kd3 Nd7 42. Rd5+ Ke7 43. Kd2 Rc5 44. Rxc5 Nxc5 45. Bc2 Ne6 46. Ke3
Nd4 47. Bd1 f5 48. exf5 gxf5 49. f3 gxf3 50. Bxf3 Kf6 51. h4 Ne6 52. Be2 f4+ 53.
gxf4 Nxf4 54. h5 1/2-1/2

[Event "FIDE World Blitz 2014"]
[Site "Dubai UAE"]
[Date "2014.06.20"]
[Round "21.18"]
[White "Matlakov, Maxim"]
[Black "Savchenko, Boris"]
[Result "1-0"]
[WhiteTitle "GM"]
[BlackTitle "GM"]
[WhiteElo "2689"]
[BlackElo "2581"]
[WhiteFideId "4168003"]
[BlackFideId "4147332"]
[EventDate "2014.06.19"]

1. Nf3 Nf6 2. g3 b5 3. Bg2 Bb7 4. O-O c5 5. d3 g6 6. e4 Bg7 7. e5 Nd5 8. Re1 O-O
9. Nbd2 a5 10. h4 Nc7 11. h5 Ne6 12. Ne4 Na6 13. Neg5 Nac7 14. c3 Ra6 15. d4
cxd4 16. cxd4 Qa8 17. Qd3 Rc8 18. Bd2 Nxg5 19. Bxg5 Bf8 20. Rac1 Bd5 21. Nh4
Bxg2 22. Nxg2 Ne6 23. Rxc8 Qxc8 24. Be3 Qb7 25. d5 Nc7 26. Rd1 Bg7 27. Bf4 g5
28. Bxg5 Bxe5 29. Bxe7 Bxb2 30. Ne3 Ne8 31. Nf5 h6 32. d6 Bg7 33. Re1 Ra8 34.
Re4 Rc8 35. Kh2 Kh8 36. Nxg7 Nxg7 37. Bf6 Qb6 38. Bd4 Qc6 39. Rg4 Rg8 40. Bxg7+
Rxg7 41. Qd4 1-0